| 000 | 00669nam a2200205 a 4500 | ||
|---|---|---|---|
| 001 | BRCA_6021 | ||
| 005 | 20190320205313.0 | ||
| 008 | 180411s2005----ag-a######---#000-0#spa-# | ||
| 041 | _aspa | ||
| 044 | _aag | ||
| 050 | 4 |
_aTR36.M3 _b.S26 2005 |
|
| 245 | 1 | 0 |
_aSameer Makarius _bluz y sombra. |
| 260 |
_aBuenos Aires _bCentro Cultural Borges _c2005 |
||
| 300 |
_a39 p. _bil. _c29 cm. |
||
| 500 | _aIncluye cronología de Sameer Makarius | ||
| 500 | _aCatálogo de la exposición realizada en el Centro Cultural Borges (Buenos Aires), 2005 | ||
| 600 | 1 | 4 |
_aMakarius, Sameer _d1924- _vCatálogos _915190 |
| 650 | 1 | 4 |
_aFotografía _ySiglo XX _zArgentina _915191 |
| 942 |
_2lcc _cB |
||
| 999 |
_c5709 _d5709 |
||